Red Dead Redemption: Wszyscy członkowie gangu Van Der Linde - Statystyki

Ogólne statystyki
  • Ten quiz został rozwiązany 223 razy
  • Średni wynik to 15 z 31
Statystyki odpowiedzi
Podpowiedź Odpowiedź % Poprawnych
Lider Dutch van der Linde
99%
Gunman Arthur Morgan
94%
Gunman John Marston
84%
Gunman Micah Bell
77%
Child of John and Abigail Jack Marston
76%
Drugi Lider Hosea Matthews
71%
Gunwoman Sadie Adler
65%
Camp Cook Simon Pearson
64%
Thief Abigail Marston
61%
Gunman Bill Williamson
61%
Gunman Javier Escuella
59%
Camp Administrator Susan Grimshaw
55%
Accountant Leopold Strauss
50%
Gunman Charles Smith
48%
Dutch’s lover Molly O'Shea
48%
Gunman Sean MacGuire
47%
Stable Boy Kieran Duffy
45%
Gunman Lenny Summers
45%
Handmaid Tilly Jackson
42%
Conman Josiah Trelawny
39%
Thief Wujek
35%
Gunwoman Karen Jones
33%
Micah's associates Joe
31%
Hosea's wife Bessie Matthews
29%
Handmaid Mary-Beth Gaskill
28%
Micah's associates Cleet
26%
Priest Wielebny Swanson
25%
Dutch's former lover Annabelle
23%
Unknown Mac Callander
17%
Unknown Jenny Kirk
16%
Unknown Davey Callander
15%
Nie znaleziono quizów pasujących do podanych kryteriów
Rozkład punktacji
Procent ludzi z każdym wynikiem
Percentyl według liczby udzielonych odpowiedzi
Twoja historia wyników
Nie rozwiązałeś tego quizu